000 00280nam a22001337a 4500
008 170531b xxu||||| |||| 00| 0 eng d
020 _a0312174918
041 _aeng
080 _a93
100 _a17
101 _aSHH
245 _aCRITICAL PATH
_cKUROMIYA, K
942 _2udc
_cBK
999 _c15171
_d15171